[Event "11. Hogeschool Zeeland Tournament"]
[Site "Vlissingen NED"]
[Date "2007.08.07"]
[Round "5.4"]
[White "Delemarre, Jop"]
[Black "Peralta, Fernando"]
[Result "1/2-1/2"]
[WhiteElo "2457"]
[BlackElo "2546"]
[PlyCount "168"]
[EventDate "2007.08.04"]
[EventType "swiss"]
[EventRounds "9"]
[EventCountry "NED"]
[Source "lmi"]
[SourceDate "2007.08.04"]

1. d4 Nf6 2. c4 e6 3. Nf3 c5 4. d5 b5 5. dxe6 fxe6 6. cxb5 d5 7. Bf4 Bd6 8.
Bxd6 Qxd6 9. Nbd2 O-O 10. e3 a6 11. a4 Nbd7 12. Be2 axb5 13. axb5 Rxa1 14. Qxa1
e5 15. b4 c4 16. e4 Nxe4 17. Nxe4 dxe4 18. Nd2 Qxb4 19. Qb1 Qc3 20. Qxe4 Nb6
21. Bxc4+ Kh8 22. Bb3 Rd8 23. Qc2 Qb4 24. g3 Bg4 25. f3 Bxf3 26. Rf1 e4 27. Rf2
e3 28. Rxf3 exd2+ 29. Kd1 Qd4 30. Ke2 Re8+ 31. Kf1 Nd5 32. Qd3 Ne3+ 33. Ke2
Nc4+ 34. Kf1 d1=Q+ 35. Bxd1 Nd2+ 36. Kg2 Nxf3 37. Qxf3 Qb2+ 38. Kh3 Qxb5 39.
Bc2 Qd7+ 40. Qf5 Qxf5+ 41. Bxf5 g6 42. Bd3 Kg7 43. Kg2 Re3 44. Bc4 g5 45. Bd5
Re2+ 46. Kg1 Rb2 47. Bf3 Kf6 48. Be4 h5 49. Bf3 g4 50. Bd5 Rd2 51. Bc6 Kg5 52.
Be8 Rb2 53. Bf7 Rb7 54. Bd5 Rc7 55. Be4 Rc4 56. Bd3 Rb4 57. Kg2 Rd4 58. Bb5
Rd2+ 59. Kg1 Rb2 60. Bc4 Kf6 61. Bd5 Kg5 62. Bc4 Rd2 63. Bb5 Rd5 64. Bc4 Rc5
65. Bd3 Kf6 66. Be4 Ke5 67. Bb7 Ra5 68. Kg2 Kf6 69. Bc6 Kg5 70. Be4 Ra3 71. Bd5
Rc3 72. Bb7 Rc2+ 73. Kg1 h4 74. gxh4+ Kxh4 75. Ba6 Kg5 76. Bb7 Kf4 77. Bd5 Rc5
78. Bb7 Rf5 79. Kg2 Rb5 80. Bc6 Rb2+ 81. Kg1 Rd2 82. Bb7 Re2 83. Bc6 Re6 84.
Bd5 Re5 1/2-1/2

[Event "11. Hogeschool Zeeland Tournament"]
[Site "Vlissingen NED"]
[Date "2007.08.07"]
[Round "5.5"]
[White "Shrentzel, Mordechai"]
[Black "Ikonnikov, Vyacheslav"]
[Result "0-1"]
[WhiteElo "2322"]
[BlackElo "2558"]
[PlyCount "90"]
[EventDate "2007.08.04"]
[EventType "swiss"]
[EventRounds "9"]
[EventCountry "NED"]
[Source "lmi"]
[SourceDate "2007.08.04"]

1. e4 c5 2. Nf3 e6 3. c3 Nf6 4. e5 Nd5 5. d4 cxd4 6. cxd4 b6 7. Nc3 Nxc3 8.
bxc3 Qc7 9. Bd2 Bb7 10. Bd3 d6 11. O-O Nd7 12. exd6 Bxd6 13. Re1 O-O 14. h3
Rfe8 15. Ng5 Nf6 16. Qc2 g6 17. Ne4 Nxe4 18. Bxe4 Bxe4 19. Qxe4 Qc4 20. a4 Rac8
21. a5 b5 22. a6 Red8 23. Qe2 Qxe2 24. Rxe2 Bc7 25. Bg5 Rd5 26. Be7 Bb6 27. Ra3
Rc7 28. Bf6 Kf8 29. Be5 Rc4 30. Rb2 Ke7 31. Rab3 Kd7 32. Rxb5 Rxb5 33. Rxb5
Rxc3 34. Kf1 Ra3 35. d5 Rxa6 36. Bg3 Ra1+ 37. Ke2 Ra2+ 38. Kf3 e5 39. Bxe5
Rxf2+ 40. Kg3 Rf5 41. Bc3 Bc7+ 42. Kh4 a6 43. Rc5 h6 44. Be1 Rf4+ 45. g4 Rf3
0-1

[Event "11. Hogeschool Zeeland Tournament"]
[Site "Vlissingen NED"]
[Date "2007.08.07"]
[Round "5.6"]
[White "Romanishin, Oleg M"]
[Black "Maenhout, Thibaut"]
[Result "1-0"]
[WhiteElo "2546"]
[BlackElo "2302"]
[PlyCount "45"]
[EventDate "2007.08.04"]
[EventType "swiss"]
[EventRounds "9"]
[EventCountry "NED"]
[Source "lmi"]
[SourceDate "2007.08.04"]

1. d4 d5 2. Nf3 Nf6 3. c4 dxc4 4. e3 e6 5. Bxc4 c5 6. O-O a6 7. Bb3 Nc6 8. Nc3
b5 9. d5 exd5 10. a4 Nb4 11. axb5 Be7 12. e4 c4 13. e5 Nd7 14. Bc2 Nc5 15. Nd4
O-O 16. Be3 Bd7 17. Bf5 Bxb5 18. Qg4 Kh8 19. Ncxb5 axb5 20. Rxa8 Qxa8 21. Bxh7
g6 22. Qh3 Qc8 23. Qh6 1-0

[Event "11. Hogeschool Zeeland Tournament"]
[Site "Vlissingen NED"]
[Date "2007.08.07"]
[Round "5.7"]
[White "Van Haastert, Edwin"]
[Black "Van Riemsdijk, Herman C"]
[Result "1/2-1/2"]
[WhiteElo "2408"]
[BlackElo "2420"]
[PlyCount "33"]
[EventDate "2007.08.04"]
[EventType "swiss"]
[EventRounds "9"]
[EventCountry "NED"]
[Source "lmi"]
[SourceDate "2007.08.04"]

1. e4 c5 2. Nf3 e6 3. d4 cxd4 4. Nxd4 Nf6 5. Nc3 Nc6 6. Ndb5 Bb4 7. a3 Bxc3+ 8.
Nxc3 d5 9. exd5 exd5 10. Bd3 O-O 11. O-O d4 12. Ne2 Qd5 13. c4 dxc3 14. Nxc3
Qa5 15. Ne4 Nxe4 16. Bxe4 Bf5 17. Bxc6 1/2-1/2

[Event "11. Hogeschool Zeeland Tournament"]
[Site "Vlissingen NED"]
[Date "2007.08.07"]
[Round "5.8"]
[White "Kasimdzhanov, Rustam"]
[Black "Schuurman, Petra"]
[Result "1-0"]
[WhiteElo "2683"]
[BlackElo "2290"]
[PlyCount "101"]
[EventDate "2007.08.04"]
[EventType "swiss"]
[EventRounds "9"]
[EventCountry "NED"]
[Source "lmi"]
[SourceDate "2007.08.04"]

1. e4 c6 2. d4 d5 3. exd5 cxd5 4. c4 Nf6 5. Nc3 g6 6. Qb3 Bg7 7. cxd5 O-O 8.
Be2 Na6 9. Bf3 Qb6 10. Qxb6 axb6 11. Nge2 Nb4 12. O-O Rd8 13. d6 Rxd6 14. Bf4
Rd7 15. Rad1 Nfd5 16. Be5 Bh6 17. Nxd5 Nxd5 18. a3 Ra6 19. Rfe1 Rd8 20. Bxd5
Rxd5 21. Nc3 Rd8 22. d5 Bf5 23. d6 exd6 24. Bf6 Rc8 25. Nd5 Bf8 26. Ne7+ Bxe7
27. Rxe7 b5 28. Rxb7 Bd3 29. h3 Bc4 30. Re1 Rac6 31. Re3 Rc5 32. Rb6 Rd5 33. b3
Bd3 34. g4 g5 35. Bxg5 h5 36. Bf6 hxg4 37. hxg4 Kh7 38. Kh2 Ra8 39. f4 Kg6 40.
Be7 Rxa3 41. Bxd6 Ra2+ 42. Kg3 Re2 43. Be5+ Kh7 44. Rxe2 Bxe2 45. Kh4 Bd1 46.
b4 Rd2 47. Kg5 f6+ 48. Rxf6 Rg2 49. Rh6+ Kg8 50. Rh4 Be2 51. Kf5 1-0

[Event "11. Hogeschool Zeeland Tournament"]
[Site "Vlissingen NED"]
[Date "2007.08.07"]
[Round "5.10"]
[White "Van Den Berg, Ad"]
[Black "Flores, Diego"]
[Result "0-1"]
[WhiteElo "2197"]
[BlackElo "2560"]
[PlyCount "40"]
[EventDate "2007.08.04"]
[EventType "swiss"]
[EventRounds "9"]
[EventCountry "NED"]
[Source "lmi"]
[SourceDate "2007.08.04"]

1. e4 c5 2. Nf3 e6 3. b3 b6 4. Bb2 Bb7 5. Nc3 d6 6. Bb5+ Nd7 7. O-O Ngf6 8. Re1
Qc7 9. d4 cxd4 10. Qxd4 Be7 11. Rad1 O-O-O 12. Qa4 Kb8 13. Bxd7 Qxd7 14. Qxd7
Rxd7 15. Ng5 Rf8 16. Nb5 h6 17. Bxf6 gxf6 18. Nf3 a6 19. Nbd4 b5 20. Nd2 d5 0-1

[Event "11. Hogeschool Zeeland Tournament"]
[Site "Vlissingen NED"]
[Date "2007.08.07"]
[Round "5.11"]
[White "Barua, Dibyendu"]
[Black "Beeke, Bobby"]
[Result "1-0"]
[WhiteElo "2462"]
[BlackElo "2191"]
[PlyCount "73"]
[EventDate "2007.08.04"]
[EventType "swiss"]
[EventRounds "9"]
[EventCountry "NED"]
[Source "lmi"]
[SourceDate "2007.08.04"]

1. e4 c5 2. Nf3 d6 3. d4 cxd4 4. Nxd4 Nf6 5. Nc3 Nc6 6. Be2 e6 7. O-O Be7 8.
Kh1 O-O 9. f4 Qc7 10. Be3 a6 11. a4 Re8 12. Bd3 Bd7 13. Nb3 b6 14. Qf3 Nb4 15.
Nd4 Rad8 16. Qg3 Bc8 17. e5 Nh5 18. Qf3 Nxd3 19. cxd3 g6 20. Rac1 Bb7 21. Ne4
Qd7 22. g4 Ng7 23. exd6 Qxd6 24. Nxd6 Bxf3+ 25. Nxf3 Rxd6 26. d4 b5 27. axb5
axb5 28. Rc7 Rd5 29. Ne5 Bd6 30. Ra7 Re7 31. Rfa1 Ne8 32. Rxe7 Bxe7 33. Ra7 Bf6
34. Nxf7 Nd6 35. Nh6+ Kh8 36. Ra8+ Kg7 37. g5 1-0

[Event "11. Hogeschool Zeeland Tournament"]
[Site "Vlissingen NED"]
[Date "2007.08.07"]
[Round "5.13"]
[White "Go, Benjamin"]
[Black "Leenhouts, Koen"]
[Result "0-1"]
[WhiteElo "2180"]
[BlackElo "2395"]
[PlyCount "74"]
[EventDate "2007.08.04"]
[EventType "swiss"]
[EventRounds "9"]
[EventCountry "NED"]
[Source "lmi"]
[SourceDate "2007.08.04"]

1. e4 g6 2. d4 Bg7 3. Nc3 c6 4. Bc4 d6 5. Qf3 e6 6. Nge2 Ne7 7. O-O O-O 8. Bf4
b5 9. Bb3 Bb7 10. Rad1 a6 11. Qg3 d5 12. f3 Nd7 13. Bc7 Qe8 14. Bd6 Kh8 15. a4
Nf6 16. Nf4 Rd8 17. e5 Rxd6 18. exf6 Bxf6 19. Nxg6+ hxg6 20. Qxd6 Nf5 21. Qf4
Qe7 22. Rfe1 b4 23. Ne2 e5 24. Qc1 exd4 25. g4 Nh4 26. Kf2 Bg5 27. Nf4 Qf6 28.
Kg3 c5 29. c3 Bxf4+ 30. Qxf4 Qxf4+ 31. Kxf4 Ng2+ 32. Kg3 Nxe1 33. cxd4 c4 34.
Rxe1 cxb3 35. Re7 Bc6 36. Ra7 Bxa4 37. Rxa6 Bb5 0-1

[Event "11. Hogeschool Zeeland Tournament"]
[Site "Vlissingen NED"]
[Date "2007.08.07"]
[Round "5.15"]
[White "In 't Veld, Daan"]
[Black "Meinhardt, Maximilian"]
[Result "0-1"]
[WhiteElo "2161"]
[BlackElo "2378"]
[PlyCount "104"]
[EventDate "2007.08.04"]
[EventType "swiss"]
[EventRounds "9"]
[EventCountry "NED"]
[Source "lmi"]
[SourceDate "2007.08.04"]

1. e4 e6 2. d4 d5 3. Nc3 Nc6 4. Nf3 Nf6 5. e5 Ne4 6. Bd3 Bb4 7. Bd2 Nxd2 8.
Qxd2 f6 9. exf6 Qxf6 10. O-O O-O 11. Rae1 Bd6 12. Qg5 Bf4 13. Qxf6 gxf6 14. Ne2
Bd6 15. Nh4 Nb4 16. Nc1 e5 17. c3 Nc6 18. c4 Nxd4 19. cxd5 f5 20. Ne2 Nxe2+ 21.
Rxe2 Bd7 22. Bc4 e4 23. g4 fxg4 24. Rxe4 Rf6 25. f4 Rh6 26. Ng2 Bf5 27. Re5 Rf8
28. Ne3 Bxe5 29. fxe5 Bd7 30. e6 Rxf1+ 31. Kxf1 Be8 32. Nxg4 Rh4 33. h3 Kf8 34.
Kg2 Ke7 35. Ne3 Bg6 36. Kg3 Rd4 37. a4 h5 38. b3 h4+ 39. Kf3 Bh5+ 40. Kf2 Bg6
41. Kf3 Bh5+ 42. Kf2 Rf4+ 43. Kg2 Rf3 44. Nc2 Rg3+ 45. Kh2 a6 46. Nd4 Bg6 47.
Ne2 Re3 48. Nf4 Bf5 49. Kg2 Be4+ 50. Kh2 Rf3 51. Ne2 Rf1 52. Ng1 Rf2# 0-1

[Event "11. Hogeschool Zeeland Tournament"]
[Site "Vlissingen NED"]
[Date "2007.08.07"]
[Round "5.16"]
[White "Grooten, Herman"]
[Black "De Wolf, Johan"]
[Result "1/2-1/2"]
[WhiteElo "2370"]
[BlackElo "2162"]
[PlyCount "46"]
[EventDate "2007.08.04"]
[EventType "swiss"]
[EventRounds "9"]
[EventCountry "NED"]
[Source "lmi"]
[SourceDate "2007.08.04"]

1. d4 Nf6 2. c4 e6 3. Nc3 d5 4. cxd5 exd5 5. Bg5 Nbd7 6. e3 Be7 7. Bd3 O-O 8.
Qc2 Re8 9. Nge2 Nf8 10. h3 a6 11. O-O g6 12. Rfc1 Ne6 13. Bxf6 Bxf6 14. b4 Be7
15. Qb3 c6 16. a4 Bd6 17. Rf1 Ng5 18. f4 Rxe3 19. Nd1 Nxh3+ 20. gxh3 Rxh3 21.
Nf2 Re3 22. Nd1 Rh3 23. Nf2 Re3 1/2-1/2

[Event "11. Hogeschool Zeeland Tournament"]
[Site "Vlissingen NED"]
[Date "2007.08.07"]
[Round "5.17"]
[White "Piceu, Tom"]
[Black "Van Weersel, Arlette"]
[Result "0-1"]
[WhiteElo "2350"]
[BlackElo "2158"]
[PlyCount "56"]
[EventDate "2007.08.04"]
[EventType "swiss"]
[EventRounds "9"]
[EventCountry "NED"]
[Source "lmi"]
[SourceDate "2007.08.04"]

1. Nf3 Nf6 2. d4 e6 3. c4 b6 4. Nc3 Bb7 5. Bg5 Be7 6. e3 h6 7. Bh4 O-O 8. Bd3
d6 9. Qe2 Nbd7 10. O-O-O c5 11. Rhg1 d5 12. Kb1 Ne4 13. Bxe7 Nxc3+ 14. bxc3
Qxe7 15. g4 dxc4 16. Bxc4 b5 17. Bd3 c4 18. Bc2 b4 19. g5 bxc3 20. Ka1 Qa3 21.
Rb1 Bxf3 22. Qxf3 Rab8 23. gxh6 g6 24. Qe4 Kh8 25. d5 Rfc8 26. dxe6 Rb2 27.
Qd4+ f6 28. Rxb2 Qxb2# 0-1

[Event "11. Hogeschool Zeeland Tournament"]
[Site "Vlissingen NED"]
[Date "2007.08.07"]
[Round "5.18"]
[White "Van Dooren, Dirk"]
[Black "Grochal, Joey"]
[Result "1-0"]
[WhiteElo "2331"]
[BlackElo "2152"]
[PlyCount "95"]
[EventDate "2007.08.04"]
[EventType "swiss"]
[EventRounds "9"]
[EventCountry "NED"]
[Source "lmi"]
[SourceDate "2007.08.04"]

1. f4 c5 2. Nf3 Nc6 3. e4 g6 4. g3 Bg7 5. Bg2 d6 6. O-O Nf6 7. d3 O-O 8. Nc3
Rb8 9. Nh4 Nd4 10. f5 b5 11. Ne2 Nxe2+ 12. Qxe2 Nd7 13. Kh1 a5 14. Rb1 Ba6 15.
Be3 b4 16. g4 Qc8 17. b3 Bb7 18. g5 Qc7 19. Rf2 Be5 20. Rbf1 d5 21. Qg4 Qd6 22.
Nf3 Bg7 23. Bf4 e5 24. fxe6 Qxe6 25. Qxe6 fxe6 26. Bxb8 Nxb8 27. exd5 Bxd5 28.
Nd2 Rxf2 29. Rxf2 Nc6 30. Ne4 Bd4 31. Re2 Kg7 32. Nd6 Be5 33. Nb7 Bf4 34. Nxc5
Bxg5 35. Nxe6+ Bxe6 36. Rxe6 Nd4 37. Re5 Bd8 38. Rd5 Bb6 39. Rd6 Bc5 40. Rd7+
Kh6 41. Bd5 Bb6 42. Bg8 Nxc2 43. h4 Kh5 44. Rxh7+ Kg4 45. Be6+ Kg3 46. Rg7 Kxh4
47. Rxg6 Nd4 48. Bd7 1-0

[Event "11. Hogeschool Zeeland Tournament"]
[Site "Vlissingen NED"]
[Date "2007.08.07"]
[Round "5.19"]
[White "Piasetski, Leon"]
[Black "Cupido, Alexander"]
[Result "1-0"]
[WhiteElo "2307"]
[BlackElo "2145"]
[PlyCount "37"]
[EventDate "2007.08.04"]
[EventType "swiss"]
[EventRounds "9"]
[EventCountry "NED"]
[Source "lmi"]
[SourceDate "2007.08.04"]

1. c4 e5 2. Nc3 Nf6 3. g3 g6 4. Nf3 d6 5. d4 exd4 6. Nxd4 Bg7 7. Bg2 O-O 8. O-O
c6 9. e4 Na6 10. Bf4 Nh5 11. Be3 Be6 12. Qe2 Qe7 13. Rad1 Nf6 14. h3 Nd7 15. b3
Nc7 16. Qd2 Ne8 17. Rfe1 Nb6 18. a4 a5 19. Nxe6 1-0

[Event "11. Hogeschool Zeeland Tournament"]
[Site "Vlissingen NED"]
[Date "2007.08.07"]
[Round "5.20"]
[White "Weimann, Maximilian"]
[Black "Lacrosse, Marc"]
[Result "1-0"]
[WhiteElo "2143"]
[BlackElo "2301"]
[PlyCount "39"]
[EventDate "2007.08.04"]
[EventType "swiss"]
[EventRounds "9"]
[EventCountry "NED"]
[Source "lmi"]
[SourceDate "2007.08.04"]

1. e4 e5 2. Nf3 Nc6 3. Nc3 Nf6 4. g3 Bb4 5. Bg2 d6 6. d3 Bxc3+ 7. bxc3 O-O 8.
O-O Qe7 9. Nh4 Bd7 10. Rb1 Rab8 11. Nf5 Bxf5 12. exf5 Nd7 13. f4 Rfe8 14. Rf2
Nc5 15. fxe5 dxe5 16. f6 gxf6 17. Bxc6 bxc6 18. Ba3 Qd6 19. Rxb8 Rxb8 20. d4
1-0

[Event "11. Hogeschool Zeeland Tournament"]
[Site "Vlissingen NED"]
[Date "2007.08.07"]
[Round "5.21"]
[White "Soors, Stef"]
[Black "Struk, Jerzy"]
[Result "0-1"]
[WhiteElo "2126"]
[BlackElo "2240"]
[PlyCount "84"]
[EventDate "2007.08.04"]
[EventType "swiss"]
[EventRounds "9"]
[EventCountry "NED"]
[Source "lmi"]
[SourceDate "2007.08.04"]

1. d4 d5 2. c4 e6 3. Nc3 Be7 4. Nf3 Nf6 5. cxd5 exd5 6. Bg5 O-O 7. e3 c6 8. Qc2
Nbd7 9. Bd3 Re8 10. O-O Nf8 11. Rae1 Be6 12. Ne5 N6d7 13. Bxe7 Rxe7 14. f4 f6
15. Nf3 Nb6 16. f5 Bf7 17. g4 h6 18. h4 Qd6 19. Qg2 Rae8 20. Qf2 Nh7 21. Kh1 a6
22. Rg1 Nd7 23. Re2 c5 24. Rge1 b5 25. e4 c4 26. Bc2 dxe4 27. Nxe4 Qc6 28. Nc3
Rxe2 29. Rxe2 Rxe2 30. Qxe2 b4 31. Be4 Qd6 32. Nd1 Qf4 33. Nf2 Nb6 34. Nd2 h5
35. Nf1 hxg4 36. Nxg4 c3 37. bxc3 bxc3 38. Nfh2 Qc1+ 39. Nf1 Bc4 40. Bd3 Bd5+
41. Kg1 Qf4 42. Bxa6 c2 0-1

[Event "11. Hogeschool Zeeland Tournament"]
[Site "Vlissingen NED"]
[Date "2007.08.07"]
[Round "5.22"]
[White "Doggers, Peter"]
[Black "Friesen, Boris"]
[Result "1-0"]
[WhiteElo "2233"]
[BlackElo "2139"]
[PlyCount "87"]
[EventDate "2007.08.04"]
[EventType "swiss"]
[EventRounds "9"]
[EventCountry "NED"]
[Source "lmi"]
[SourceDate "2007.08.04"]

1. e4 e6 2. d4 d5 3. exd5 exd5 4. Nf3 Bd6 5. c4 c6 6. Nc3 Nf6 7. Bg5 O-O 8.
cxd5 cxd5 9. Be2 Be6 10. O-O Nbd7 11. Qb3 Qb6 12. Qxb6 Nxb6 13. Nb5 Bb4 14.
Rfc1 a6 15. Nc7 Rac8 16. Nxe6 fxe6 17. Ne5 Nbd7 18. Nd3 Ba5 19. b4 Bb6 20. Nc5
Bxc5 21. bxc5 Ne4 22. Be3 Nb8 23. Rab1 Rf7 24. Rb6 Nc6 25. f3 Nf6 26. Rcb1 Rcc7
27. Bd1 Rfe7 28. Bf4 Rc8 29. Bd6 Rd7 30. Rxb7 Nxd4 31. Ba4 Rxb7 32. Rxb7 Ne2+
33. Kf2 Nc3 34. Bb3 Nb5 35. Rb6 Nxd6 36. cxd6 Rd8 37. Rxa6 Nd7 38. Ke3 Nc5 39.
Rc6 Nxb3 40. axb3 Kf7 41. Kd4 Kf6 42. b4 Rb8 43. Kc5 d4 44. d7 1-0

[Event "11. Hogeschool Zeeland Tournament"]
[Site "Vlissingen NED"]
[Date "2007.08.07"]
[Round "5.23"]
[White "Van Loon, Eric"]
[Black "Steenbekkers, Franck"]
[Result "1/2-1/2"]
[WhiteElo "2117"]
[BlackElo "2228"]
[PlyCount "42"]
[EventDate "2007.08.04"]
[EventType "swiss"]
[EventRounds "9"]
[EventCountry "NED"]
[Source "lmi"]
[SourceDate "2007.08.04"]

1. e4 e6 2. d4 d5 3. Nc3 Bb4 4. e5 Ne7 5. a3 Bxc3+ 6. bxc3 c5 7. Qg4 O-O 8. Bd3
f5 9. exf6 Rxf6 10. Bg5 Rf7 11. Qh5 g6 12. Qd1 Nbc6 13. Nf3 c4 14. Be2 Bd7 15.
O-O Qf8 16. a4 h6 17. Bc1 Qg7 18. Qd2 Kh7 19. Ba3 g5 20. Bd6 Nf5 21. Be5 Qg6
1/2-1/2

[Event "11. Hogeschool Zeeland Tournament"]
[Site "Vlissingen NED"]
[Date "2007.08.07"]
[Round "5.24"]
[White "Michiels, Rob"]
[Black "Stange, Wim"]
[Result "1/2-1/2"]
[WhiteElo "2226"]
[BlackElo "2126"]
[PlyCount "73"]
[EventDate "2007.08.04"]
[EventType "swiss"]
[EventRounds "9"]
[EventCountry "NED"]
[Source "lmi"]
[SourceDate "2007.08.04"]

1. e4 d6 2. d4 Nf6 3. Nc3 g6 4. Bg5 Bg7 5. f4 h6 6. Bh4 c6 7. Nf3 Qb6 8. Rb1
Bg4 9. b4 Bxf3 10. Qxf3 Nbd7 11. Na4 Qc7 12. e5 Nb6 13. Nc3 g5 14. fxg5 hxg5
15. Bg3 dxe5 16. Ne4 Nfd7 17. Nxg5 Bf6 18. Ne4 Bh4 19. Bxh4 Rxh4 20. g3 Rh8 21.
b5 exd4 22. Bg2 Nd5 23. O-O Ne5 24. Qb3 Ne3 25. bxc6 bxc6 26. Rf4 Nxg2 27. Kxg2
Rd8 28. Ng5 Rd5 29. Rbf1 f6 30. Ne6 Qc8 31. Ng7+ Kf8 32. Nf5 d3 33. Qa3 Qd8 34.
Ne3 d2 35. Nd1 Ra5 36. Qb4 Qd5+ 37. Kg1 1/2-1/2

[Event "11. Hogeschool Zeeland Tournament"]
[Site "Vlissingen NED"]
[Date "2007.08.07"]
[Round "5.25"]
[White "Piket, Joop"]
[Black "Sparreboom, Willem"]
[Result "1-0"]
[WhiteElo "2216"]
[BlackElo "1984"]
[PlyCount "87"]
[EventDate "2007.08.04"]
[EventType "swiss"]
[EventRounds "9"]
[EventCountry "NED"]
[Source "lmi"]
[SourceDate "2007.08.04"]

1. d4 d5 2. Bg5 Nd7 3. Nf3 Ngf6 4. e3 e6 5. c4 Be7 6. Nc3 a6 7. c5 b6 8. b4 Bb7
9. a3 h6 10. Bf4 Ne4 11. Nxe4 dxe4 12. Nd2 bxc5 13. bxc5 e5 14. Bxe5 Nxe5 15.
dxe5 O-O 16. Qc2 Qd5 17. Rc1 Rad8 18. Qc3 Bxc5 19. Bc4 Qxd2+ 20. Qxd2 Rxd2 21.
Kxd2 Bxa3 22. Rb1 Rd8+ 23. Kc3 Bd5 24. Rhd1 c6 25. Ra1 Be7 26. Rxa6 Kf8 27.
Bxd5 cxd5 28. Ra5 f6 29. Raxd5 Rc8+ 30. Kd2 Kf7 31. exf6 Bxf6 32. Rc1 Ra8 33.
g3 Kg6 34. Rc4 Re8 35. h4 Kf7 36. Rf5 g5 37. hxg5 hxg5 38. Rc6 Re6 39. Rxe6
Kxe6 40. g4 Bd8 41. Kc2 Be7 42. Kb3 Bd8 43. Kc4 Be7 44. Kd4 1-0

[Event "11. Hogeschool Zeeland Tournament"]
[Site "Vlissingen NED"]
[Date "2007.08.07"]
[Round "5.27"]
[White "Tiggelman, Rene"]
[Black "Gryson, Wouter"]
[Result "1/2-1/2"]
[WhiteElo "2210"]
[BlackElo "2030"]
[PlyCount "106"]
[EventDate "2007.08.04"]
[EventType "swiss"]
[EventRounds "9"]
[EventCountry "NED"]
[Source "lmi"]
[SourceDate "2007.08.04"]

1. d4 Nf6 2. Nf3 e6 3. c4 b6 4. g3 Ba6 5. b3 Bb7 6. Bg2 Bb4+ 7. Bd2 c5 8. O-O
O-O 9. dxc5 Bxc5 10. Nc3 Ne4 11. Nxe4 Bxe4 12. Bc3 Nc6 13. Ne5 Bxg2 14. Kxg2
Nxe5 15. Bxe5 Qe7 16. Rc1 Rac8 17. Ba1 Rfd8 18. e4 d5 19. cxd5 exd5 20. exd5
Qe4+ 21. Qf3 Qxf3+ 22. Kxf3 f6 23. Rfd1 Kf7 24. Rc4 a5 25. Bd4 Rxd5 26. Rdc1
Ke6 27. Bxc5 Rdxc5 28. Rxc5 Rxc5 29. Rxc5 bxc5 30. Ke4 Kd6 31. f4 Kc6 32. Kd3
Kd5 33. Kc3 h6 34. Kd3 f5 35. Kc3 Ke4 36. Kc4 g5 37. Kxc5 gxf4 38. gxf4 Kxf4
39. a3 Ke4 40. b4 axb4 41. axb4 f4 42. b5 f3 43. b6 f2 44. b7 f1=Q 45. b8=Q
Qc1+ 46. Kb6 Qb2+ 47. Ka7 Qxb8+ 48. Kxb8 h5 49. Kc7 h4 50. Kd6 h3 51. Kc5 Kd3
52. Kb4 Kc2 53. Ka3 Kd2 1/2-1/2

[Event "11. Hogeschool Zeeland Tournament"]
[Site "Vlissingen NED"]
[Date "2007.08.07"]
[Round "5.28"]
[White "Zomer, Koos"]
[Black "Afek, Yochanan"]
[Result "0-1"]
[WhiteElo "2092"]
[BlackElo "2350"]
[PlyCount "72"]
[EventDate "2007.08.04"]
[EventType "swiss"]
[EventRounds "9"]
[EventCountry "NED"]
[Source "lmi"]
[SourceDate "2007.08.04"]

1. d4 Nf6 2. Nf3 d6 3. Bg5 Nbd7 4. Nbd2 c5 5. e3 g6 6. Be2 Bg7 7. O-O O-O 8. c3
b6 9. Qa4 h6 10. Bh4 Bb7 11. Ba6 Qc8 12. Bxb7 Qxb7 13. Qc2 Rac8 14. Qd3 b5 15.
Rac1 a5 16. Rfd1 Rfe8 17. Qe2 e5 18. dxe5 dxe5 19. e4 c4 20. Ne1 Nc5 21. f3 Nh5
22. Nf1 Nf4 23. Qc2 Ncd3 24. Rb1 Bf8 25. Rd2 Bc5+ 26. Kh1 Ba7 27. Nxd3 Nxd3 28.
Re2 f5 29. exf5 gxf5 30. Nd2 Qf7 31. Rd1 e4 32. fxe4 Qh5 33. Nf3 fxe4 34. g4
exf3 35. gxh5 Rxe2 36. Rd2 Rce8 0-1

[Event "11. Hogeschool Zeeland Tournament"]
[Site "Vlissingen NED"]
[Date "2007.08.07"]
[Round "5.30"]
[White "De Jong, Migchiel"]
[Black "Roggeveen, Pieter"]
[Result "1-0"]
[WhiteElo "2286"]
[BlackElo "2077"]
[PlyCount "61"]
[EventDate "2007.08.04"]
[EventType "swiss"]
[EventRounds "9"]
[EventCountry "NED"]
[Source "lmi"]
[SourceDate "2007.08.04"]

1. e4 e5 2. Nf3 Nc6 3. Bb5 Nf6 4. d3 Bc5 5. c3 d6 6. O-O O-O 7. Nbd2 a6 8. Ba4
Ba7 9. h3 Ne7 10. Re1 Ng6 11. Nf1 c6 12. Ng3 h6 13. d4 exd4 14. cxd4 Re8 15.
Bc2 b5 16. Be3 c5 17. Qd2 Bb6 18. a3 c4 19. Qd1 Ba5 20. Re2 Ra7 21. d5 Rb7 22.
Nd4 Ne7 23. b4 cxb3 24. Bxb3 Bc3 25. Rc1 b4 26. axb4 Bxb4 27. Ba4 Bd7 28. Nc6
Qa8 29. Bd4 Bxc6 30. dxc6 Rc7 31. Bxf6 1-0

[Event "11. Hogeschool Zeeland Tournament"]
[Site "Vlissingen NED"]
[Date "2007.08.07"]
[Round "5.31"]
[White "Colijn, Stefan"]
[Black "Miedema, Roi"]
[Result "0-1"]
[WhiteElo "2075"]
[BlackElo "2271"]
[PlyCount "66"]
[EventDate "2007.08.04"]
[EventType "swiss"]
[EventRounds "9"]
[EventCountry "NED"]
[Source "lmi"]
[SourceDate "2007.08.04"]

1. e4 c5 2. c3 g6 3. d4 cxd4 4. cxd4 d5 5. exd5 Nf6 6. Nc3 Nxd5 7. Nf3 Bg4 8.
Bc4 Nxc3 9. bxc3 Qc7 10. Qa4+ Bd7 11. Qb3 e6 12. O-O Nc6 13. Bb5 a6 14. Bxc6
Bxc6 15. Ne5 Bd6 16. f4 Bd5 17. Qc2 Rc8 18. Bb2 O-O 19. Qf2 f6 20. Ng4 Bc4 21.
Rfe1 Bxf4 22. Ba3 Rf7 23. Re4 Bg5 24. h4 h5 25. hxg5 hxg4 26. Rxg4 f5 27. Rh4
Bd5 28. Rh6 Rh7 29. Rxg6+ Kh8 30. Rh6 Rxh6 31. gxh6 Rg8 32. Qe3 Rxg2+ 33. Kf1
Kh7 0-1

[Event "11. Hogeschool Zeeland Tournament"]
[Site "Vlissingen NED"]
[Date "2007.08.07"]
[Round "5.32"]
[White "Kuipers, Stefan"]
[Black "Ducarmon, Quinten"]
[Result "1/2-1/2"]
[WhiteElo "2245"]
[BlackElo "2033"]
[PlyCount "73"]
[EventDate "2007.08.04"]
[EventType "swiss"]
[EventRounds "9"]
[EventCountry "NED"]
[Source "lmi"]
[SourceDate "2007.08.04"]

1. e4 c5 2. Nf3 d6 3. d4 cxd4 4. Nxd4 Nf6 5. Nc3 a6 6. Bg5 e6 7. f4 Be7 8. Qf3
Qc7 9. O-O-O Nbd7 10. g4 b5 11. Bxf6 Bxf6 12. Bxb5 Rb8 13. Ba4 Rb4 14. Nde2 O-O
15. a3 Rb6 16. Bxd7 Bxd7 17. g5 Be7 18. Rd3 Rfb8 19. Nd1 Qb7 20. Rg1 Bb5 21.
Rc3 Bc6 22. Ng3 d5 23. Re1 Rd8 24. Rb3 dxe4 25. Rxb6 exf3 26. Rxb7 Bxb7 27. Nf2
Bc5 28. Ngh1 Rd4 29. Nd3 Bd6 30. Kd2 Bxf4+ 31. Kc3 e5 32. Nxe5 Re4 33. Rxe4
Bxe4 34. Kd4 Bxc2 35. Nxf3 Bc1 36. b4 Bxa3 37. Ne1 1/2-1/2

[Event "11. Hogeschool Zeeland Tournament"]
[Site "Vlissingen NED"]
[Date "2007.08.07"]
[Round "5.33"]
[White "Muter, Donny"]
[Black "De Wit, Gerard"]
[Result "1-0"]
[WhiteElo "2212"]
[BlackElo "2003"]
[PlyCount "53"]
[EventDate "2007.08.04"]
[EventType "swiss"]
[EventRounds "9"]
[EventCountry "NED"]
[Source "lmi"]
[SourceDate "2007.08.04"]

1. d4 Nf6 2. Nf3 g6 3. c4 Bg7 4. Nc3 d5 5. Qb3 dxc4 6. Qxc4 O-O 7. e4 Bg4 8.
Be3 Nfd7 9. Rd1 Nb6 10. Qd3 Nc6 11. Be2 Qd7 12. Ng1 Bxe2 13. Ngxe2 Rad8 14. O-O
f5 15. Qb5 a6 16. Qb3+ Kh8 17. e5 e6 18. h4 Na5 19. Qc2 h5 20. Bg5 Rde8 21. Nf4
Kh7 22. Rfe1 c6 23. Nce2 Qc7 24. Rd3 Nd5 25. Rg3 Nxf4 26. Nxf4 b5 27. Nxg6 1-0